WorldFish Center : Annual report 2002

Gorde:
Xehetasun bibliografikoak
Formatua: Liburua
Hizkuntza:Undetermined
Argitaratua: WorldFish Center 2003
Gaiak:
Etiketak: Etiketa erantsi
Etiketarik gabe, Izan zaitez lehena erregistro honi etiketa jartzen!
Thư viện lưu trữ: Trung tâm Học liệu Trường Đại học Cần Thơ
LEADER 00490nam a2200181Ia 4500
001 CTU_160564
008 210402s9999 xx 000 0 und d
082 |a 639 
082 |b W927 
245 0 |a WorldFish Center : 
245 0 |b Annual report 2002 
245 0 |c Editor: K. I. Matics 
260 |b WorldFish Center 
260 |c 2003 
650 |a WorldFish Center,Fishes,Aquaculture 
650 |x Conservation 
904 |i Giang 
980 |a Trung tâm Học liệu Trường Đại học Cần Thơ